Parasitología (Registro nro. 16885)

Detalles MARC
000 -CABECERA
Longitud fija campo de control 00601nam a2200181 a 4500
003 - • IDENTIFICADOR DELl NÚMERO DE CONTROL
Identificador del número de control CO-ViMGA
008 - • CÓDIGOS DE INFORMACIÓN DE LONGITUD FIJA
Códigos de información de longitud fija 141112s2004 ck r 000 u spa d
040 ## - FUENTE DE LA CATALOGACIÓN
Centro catalogador de origen CO-ViMGA
Lengua de catalogación spa
Centro transcriptor CO-ViMGA
082 04 - • NÚMERO DE LA CLASIFICACIÓN DECIMAL DEWEY
Número de clasificación (R) R616.96 P171
245 10 - • TITULO PROPIAMENTE DICHO
Título Parasitología
300 ## - • DESCRIPCIÓN FÍSICA
Extensión 90 p : il
490 ## - • MENCIÓN DE SERIE
Mención de serie Atlas temático
505 ## - • NOTA DE CONTENIDO CON FORMATO
Nota de contenido con formato Los parásitos animales Los protozoos parásitos Los platelmintos parásitos Los nematodos parásitos Los acantocefalos Los pentastómidos La lucha antiparasitaria
650 14 - • PUNTO DE ACCESO ADICIONAL DE MATERIA - TÉRMINO DE MATERIA
Término de materia o nombre geográfico como elemento inicial PARASITOLOGIA - ATLAS
942 ## - ENTRADA DE ELEMENTOS AGREGADOS (KOHA)
Fuente de clasificaión o esquema Dewey Decimal Classification
Koha [por defecto] tipo de item LIbro
Existencias
Perdido Fuente de clasificación o esquema Estado Físico No para préstamo Forma de adquisición Localización permanente Localización actual Fecha adquisición Serie de enumeración / cronolog&íacute;a Préstamos totales Renovaciones totales Signatura completa Código de barras Fecha última consulta Fecha último préstamo Número de copia Fecha del precio de reemplazo Tipo de item de Koha
  Dewey Decimal Classification     Sala Especializada Tercer Piso Biblioteca Pública Germán Arciniegas - Villavicencio Biblioteca Pública Germán Arciniegas - Villavicencio 12/04/2015 Volumen. 1 | 11/jun/2009 2 1 R616.96 P171 04830 10/03/2022 05/05/2017 Ej. 1 12/04/2015 LIbro









Instituto Departamental de Cultura del Meta - Red Departamental de Bibliotecas Públicas del Meta.